Ořechy a oříšky
Sortiment orechov na trhu. Zdraviu prospešné vlastnosti orechov dôležité pre človeka. Charakteristika burských orieškov, mandlí a lieskových orieškov, ich pestovanie, druhy, najväčší dodávatelia, spracovanie a ich predaj na trhu.
Guardado en:
| Formato: | Capítulo de libro |
|---|---|
| Lenguaje: | checo |
| Materias: | |
| Etiquetas: |
Sin Etiquetas, Sea el primero en etiquetar este registro!
|
MARC
| LEADER | 00000naa a2200000 4500 | ||
|---|---|---|---|
| 001 | r032721 | ||
| 005 | 20230727092226.9 | ||
| 041 | 0 | |a cze | |
| 044 | |a CZ | ||
| 245 | 1 | 0 | |a Ořechy a oříšky |
| 520 | |a Sortiment orechov na trhu. Zdraviu prospešné vlastnosti orechov dôležité pre človeka. Charakteristika burských orieškov, mandlí a lieskových orieškov, ich pestovanie, druhy, najväčší dodávatelia, spracovanie a ich predaj na trhu. | ||
| 610 | 2 | 0 | |a pochutiny |
| 610 | 2 | 0 | |a plodiny poľné |
| 610 | 2 | 0 | |a plodiny tropické |
| 610 | 2 | 0 | |a tuky |
| 610 | 2 | 0 | |a dopyt spotrebiteľský |